000 00571nam a2200217Ia 4500
005 20250923144739.0
008 008 250917s9999 xx 000 0 eng d
037 _aTextual
040 _aDSWL
_beng
_cDSWL
041 _aeng
_2eng
084 _qDSWL
100 _aBarker, Davis
_9827992
245 0 _aPsychiatric services and architecture no 1
_cby Davis Barker
260 _aGeneva
_bWorld Health Organization
_c1959
300 _a60p.
365 _aINR
_b3
700 _aSivadon
_9827993
925 _g3
942 _cTEXL
999 _c1442819
_d1442819